000 00280nam a2200133Ia 4500
005 20251222155100.0
008 251222s9999||||xx |||||||||||||| ||spa||
082 _aSIQ.22
100 _aTOLEDO M.
245 0 _aDrogas
250 _a4ta. ed.
264 _bNo tiene
942 _cLIB
999 _c37648
_d37648